The paths of culture.

Bibliographic Details
Main Author: Birket-Smith, Kaj, 1893-1977
Format: Book
Language:English
Danish
Published: Madison : University of Wisconsin Press, 1965.
Subjects:

MARC

Tag First Indicator Second Indicator Subfields
LEADER 00000cam a2200000 4500
001 in00000038280
005 20151007080936.0
008 720825s1965 eng u
010 |a  64008488  
035 |a (OCoLC)00391453 
035 |9 AAF5629AM 
040 |c WSU  |d OCL  |d TXA  |d UtOrBLW 
041 1 |a eng  |a dan 
049 |a TXAM  |c [411833] 
050 0 |a CB113.D3  |b B513 
092 |a 301.2  |b B619p 
100 1 |a Birket-Smith, Kaj,  |d 1893-1977. 
245 1 4 |a The paths of culture. 
264 1 |a Madison :  |b University of Wisconsin Press,  |c 1965. 
300 |a 535 pages 
336 |a text  |b txt  |2 rdacontent 
337 |a unmediated  |b n  |2 rdamedia 
338 |a volume  |b nc  |2 rdacarrier 
504 |a Bibliography: pages 487-524. 
650 0 |a Civilization  |x History. 
650 0 |a Ethnology. 
999 |a MARS 
999 f f |s 5665d672-6888-3dec-9626-086c107d1dec  |i bcf84d50-a741-3355-8d14-39e741e50c2a  |t 0 
952 f f |p ric  |a Texas A&M University  |b Rellis Campus  |c Joint Library Facility  |d Remote Storage  |t 0  |e CB113.D3 B513  |h Library of Congress classification  |i unmediated -- volume  |m A14800639262 
998 f f |a CB113.D3 B513  |t 0  |l Remote Storage